|
|
|
|
| LEADER |
01008nam a2200253 a 4500 |
| 001 |
1615173 |
| 008 |
100620r20051996njuab b 001 0 eng d |
| 999 |
|
|
|c 9004
|d 9004
|
| 010 |
|
|
|a 95016744
|
| 020 |
|
|
|a 0133416860
|
| 040 |
|
|
|a DLC
|c DLC
|d DLC
|
| 082 |
0 |
0 |
|a 621.381548
|2 20
|
| 100 |
1 |
|
|a Carr, Joseph J.
|9 29417
|
| 245 |
1 |
0 |
|a Elements of electronic instrumentation and measurement /
|c Joseph J. Carr.
|
| 250 |
|
|
|a 3rd edition
|
| 260 |
|
|
|a Englewood Cliffs, N.J. :
|b Prentice Hall, ;
|a Delhi ;
|b Pearson Education,
|c c1996.[Reprinted 2005]
|
| 300 |
|
|
|a xx, 594 pages :
|b illustrations, map ;
|c 24 cm.
|
| 504 |
|
|
|a Includes bibliographical references and index.
|
| 541 |
1 |
|
|e 00013849
|
| 650 |
|
0 |
|a Electronic instruments.
|9 29418
|
| 650 |
|
0 |
|a Electronic measurements.
|9 29419
|
| 852 |
4 |
|
|a Ayesha Abed Library
|j General shelf
|
| 942 |
|
|
|2 ddc
|c BK
|
| 952 |
|
|
|0 0
|1 0
|2 ddc
|4 0
|6 621_381548000000000_CAR_2005
|7 0
|9 11112
|a BRACUL
|b BRACUL
|c GEN
|d 2010-06-20
|l 1
|o 621.381548 CAR
|p 3010013849
|r 2017-12-28
|s 2017-09-10
|t 1
|w 2010-06-20
|y BK
|